00733nam a22002297a 4500999001900000005001700019010003900036020002600075035001400101035001400115035001700129037002000146037001400166082001700180100002000197245009700217260003800314270004500352300002400397500005100421942003100472 c163562d16356220190424110559.0 a1718EN-30 ENG-122684 B687354-357 a9788125062899c995.00 aEN-106215 aEN-106216 aB-687354-357 bUppal Pub.adpl bDBAD/PUB. a616.39800954 aSolomon, Harris aMetabolic living : cby Harris Solomonbfood, fat, and the absorption of illness in India /  aNew DelhibOrient Blackswanc2016 a1/24, Asaf Ali Road,bNew Delhi e110002v axii,292p.c23cm(Hb) aIncludes bibliographical references and index  2ddccENmSOLh616.39800954